[Event "All Kings gambiteers under 2000 welcome"]
[Site "SchemingMind.com"]
[Date "2016.09.16"]
[Round "-"]
[White "emvarela"]
[Black "kenneth m day"]
[Result "1-0"]
[WhiteCountry "ARG"]
[BlackCountry "USA"]
[WhiteElo "1712"]
[WhiteRD "55"]
[BlackElo "1711"]
[BlackRD "58"]
[GameID "403728"]

1. e4 e5 2. f4 exf4 3. Nf3 g5 4. h4 g4 5. Ne5 Nf6 6. Bc4 d5 7. exd5 Bd6 8. d4 Nh5 9. Nxg4 Qe7+ 10. Kf2 Kd8
11. Ne5 Ng3 12. Bxf4 Nxh1+ 13. Qxh1 Bf5 14. c3 Nd7 15. Qh2 f6 16. Nxd7 Kxd7 17. Bxd6 Qxd6 18. Qxd6+ Kxd6 19. Nd2 Rae8 20. Rf1 Rhg8
21. a4 Bg4 22. b4 Bh5 23. Kg1 Rgf8 24. Bb3 Re3 25. Nc4+ Kxd5 26. Nxe3+ Kd6 27. Nf5+ Kd7 28. Ng7 Bg6 29. Ne6 Re8 30. Nc5+ Kc8
31. Rxf6 b6 32. Ne6 Bd3 33. Rf7 Be4 34. Nxc7 Rg8 35. Be6+ Kb8 36. Na6+ Ka8 37. Bd5+ Bxd5 38. Nc7+ Kb8 39. Nxd5
1-0

[Event "All Kings gambiteers under 2000 welcome"]
[Site "SchemingMind.com"]
[Date "2016.09.16"]
[Round "-"]
[White "kenneth m day"]
[Black "emvarela"]
[Result "1-0"]
[WhiteCountry "USA"]
[BlackCountry "ARG"]
[WhiteElo "1750"]
[WhiteRD "57"]
[BlackElo "1710"]
[BlackRD "54"]
[GameID "403729"]

1. e4 e5 2. f4 d5 3. exd5 e4 4. d3 Qxd5 5. Qe2 f5 6. Nc3 Qc6 7. Bd2 Nf6 8. O-O-O Be6 9. Nh3 h6 10. Nf2 Be7
11. dxe4 fxe4 12. Nfxe4 Nxe4 13. Qxe4 Qxe4 14. Nxe4 Bxa2 15. Bc3 Bf7 16. Bxg7 Rh7 17. Be5 c6 18. Bd3 Nd7 19. Nd6+ Bxd6 20. Bxh7 Bxe5
21. fxe5 Rd8 22. Rhe1 Be6 23. Re3 Nc5 24. Rg3 Rxd1+ 25. Kxd1 Nd7 26. Rg6 Kf7 27. Rxh6 Nxe5 28. Bg8+
1-0

[Event "All Kings gambiteers under 2000 welcome"]
[Site "SchemingMind.com"]
[Date "2016.09.16"]
[Round "-"]
[White "emvarela"]
[Black "ray winteringham"]
[Result "1-0"]
[WhiteCountry "ARG"]
[BlackCountry "ENG"]
[WhiteElo "1719"]
[WhiteRD "51"]
[BlackElo "1470"]
[BlackRD "52"]
[GameID "403817"]

1. e4 e5 2. f4 exf4 3. Nf3 Nf6 4. d3 Bd6 5. Qe2 b6 6. e5 Bxe5 7. Qxe5+ Qe7 8. Qxe7+ Kxe7 9. Bxf4 d6 10. h3 Be6
11. Nbd2 Re8 12. Be2 Kf8 13. Kf2 Nc6 14. a3 h6 15. Rhe1 a5 16. d4 Nd5 17. Bg3 Re7 18. c4 Nf6 19. d5 Nxd5 20. cxd5 Bxd5
21. Bc4 Bxc4 22. Nxc4 Rae8 23. Rxe7 Rxe7 24. Re1 Rd7 25. Bh2 Ne7 26. Nd4 Nd5 27. Ne3 Nxe3 28. Rxe3 c5 29. Nf5 d5 30. Bd6+ Kg8
31. Ne7+ Kh7 32. Bg3 d4 33. Re1 d3 34. Nf5 c4 35. Ne3 Rc7 36. Bxc7
1-0

[Event "All Kings gambiteers under 2000 welcome"]
[Site "SchemingMind.com"]
[Date "2016.09.16"]
[Round "-"]
[White "ray winteringham"]
[Black "emvarela"]
[Result "0-1"]
[WhiteCountry "ENG"]
[BlackCountry "ARG"]
[WhiteElo "1470"]
[WhiteRD "52"]
[BlackElo "1719"]
[BlackRD "51"]
[GameID "403818"]

1. e4 e5 2. f4 d5 3. exd5 e4 4. Bc4 Nf6 5. Qe2 Nxd5 6. Qxe4+ Ne7 7. Nf3 f6 8. O-O Nc6 9. Qe2 Bf5 10. d3 Qd6
11. Nc3 O-O-O 12. Qf2 Ng6 13. Be3 a6 14. h3 Nxf4 15. Nh4 Nxh3+ 16. gxh3 Bxh3 17. Rfe1 Ne5 18. Bf4 Qc6 19. Bxe5 fxe5 20. Qg3 Bc5+
21. Kh2 Be6 22. Rxe5 Bxc4 23. Rxc5 Qxc5 24. dxc4 Rd2+ 25. Ng2 Qh5+ 26. Kg1 Rf8 27. Ne4 Rd1+ 28. Rxd1 Qxd1+ 29. Qe1 Qxe1+ 30. Nxe1 Re8
31. Nd3 Rxe4 32. b3 Re2
0-1

[Event "All Kings gambiteers under 2000 welcome"]
[Site "SchemingMind.com"]
[Date "2016.09.13"]
[Round "-"]
[White "kenneth m day"]
[Black "ray winteringham"]
[Result "1-0"]
[WhiteCountry "USA"]
[BlackCountry "ENG"]
[WhiteElo "1724"]
[WhiteRD "56"]
[BlackElo "1492"]
[BlackRD "50"]
[GameID "403819"]

1. e4 e5 2. f4 exf4 3. Nf3 Bc5 4. d4 Bb6 5. Bxf4 d6 6. Nc3 Bg4 7. Be2 Ne7 8. O-O O-O 9. h3 Bh5 10. g4 Bg6
11. Bd3 Nbc6 12. Be3 Qd7 13. Rf2 a6 14. Rg2 Ba7 15. a3 h6 16. h4 f6 17. h5 Bh7 18. Qe2 Rae8 19. Rf1 b5 20. Qd2 Kh8
21. Nd5 Nd8 22. Bxh6 gxh6 23. c3 Rg8 24. Qxh6 Rxg4 25. Nxf6 Rxg2+ 26. Kxg2 Rg8+ 27. Kf2 Nf7 28. Qxh7#
1-0

[Event "All Kings gambiteers under 2000 welcome"]
[Site "SchemingMind.com"]
[Date "2016.09.14"]
[Round "-"]
[White "ray winteringham"]
[Black "kenneth m day"]
[Result "1-0"]
[WhiteCountry "ENG"]
[BlackCountry "USA"]
[WhiteElo "1492"]
[WhiteRD "50"]
[BlackElo "1724"]
[BlackRD "56"]
[GameID "403820"]

1. e4 e5 2. f4 exf4 3. Nf3 d6 4. d3 g5 5. h3 Bg7 6. Nc3 Nc6 7. Be2 Be6 8. O-O h6 9. d4 Bd7 10. b3 Nge7
11. Bb2 Ng6 12. Rb1 Qe7 13. Re1 O-O-O 14. d5 Nce5 15. Nxe5 Nxe5 16. a4 g4 17. Bxg4 Nxg4 18. hxg4 Qh4 19. Rf1 Bxg4 20. Qd2 Be5
21. Rxf4 Bxf4 22. Qxf4 Rh7 23. Ne2 h5 24. Bf6 Qxf6 25. Qxf6 Bxe2 26. Qf5+
1-0

[Event "All Kings gambiteers under 2000 welcome"]
[Site "SchemingMind.com"]
[Date "2016.09.19"]
[Round "-"]
[White "APB"]
[Black "emvarela"]
[Result "1-0"]
[WhiteCountry "ENG"]
[BlackCountry "ARG"]
[WhiteElo "1557"]
[WhiteRD "76"]
[BlackElo "1712"]
[BlackRD "55"]
[GameID "403895"]

1. e4 e5 2. f4 exf4 3. Nf3 Nf6 4. d3 d6 5. Bxf4 Nc6 6. Nc3 Bg4 7. Be2 Bxf3 8. Bxf3 Ne5 9. d4 Nxf3+ 10. gxf3 a6
11. Qe2 Qe7 12. O-O-O O-O-O 13. Qf2 h6 14. d5 g5 15. Bg3 Bg7 16. Qd2 Nh5 17. Rhg1 Bxc3 18. Qxc3 Nxg3 19. hxg3 Qe5 20. Qxe5 dxe5
21. Rd2 Rd6 22. Re1 b5 23. Re3 Rhd8 24. Ra3 c5 25. Ra5 c4 26. c3 Kb7 27. b4= cxb3 28. axb3 Kb6 29. Rda2 Ra8 30. c4 bxc4
31. bxc4 Rf6 32. c5+ Kc7 33. d6+ Kc6 34. R2a3 g4 35. Rxa6+ Rxa6 36. Rxa6+ Kxc5 37. d7
1-0

[Event "All Kings gambiteers under 2000 welcome"]
[Site "SchemingMind.com"]
[Date "2016.09.18"]
[Round "-"]
[White "APB"]
[Black "kenneth m day"]
[Result "0-1"]
[WhiteCountry "ENG"]
[BlackCountry "USA"]
[WhiteElo "1577"]
[WhiteRD "73"]
[BlackElo "1705"]
[BlackRD "56"]
[GameID "403897"]

1. e4 e5 2. f4 exf4 3. Nf3 g5 4. h4 g4 5. Ne5 Nf6 6. Bc4 d5 7. exd5 Bd6 8. d4 Nbd7 9. Nxg4 Qe7+ 10. Kd2 Nxg4
11. Re1 Ne3 12. Qf3 Nf6 13. Nc3 Bg4 14. Qf2 O-O-O 15. Bd3 Qd7 16. Nb5 Nfxd5 17. c4 Bb4+
0-1

[Event "All Kings gambiteers under 2000 welcome"]
[Site "SchemingMind.com"]
[Date "2016.09.18"]
[Round "-"]
[White "kenneth m day"]
[Black "APB"]
[Result "1-0"]
[WhiteCountry "USA"]
[BlackCountry "ENG"]
[WhiteElo "1705"]
[WhiteRD "56"]
[BlackElo "1577"]
[BlackRD "73"]
[GameID "403898"]

1. e4 e5 2. f4 Bc5 3. Nf3 d6 4. Nc3 Nf6 5. Bc4 O-O 6. d3 Ng4 7. Qe2 Nc6 8. Rf1 Nxh2 9. Nxh2 Qh4+ 10. g3 Qxg3+
11. Kd1 Nd4 12. Qf2 Qxf2 13. Rxf2 Nxc2 14. Rxc2 a6 15. Bd2
1-0

[Event "All Kings gambiteers under 2000 welcome"]
[Site "SchemingMind.com"]
[Date "2016.09.17"]
[Round "-"]
[White "APB"]
[Black "ray winteringham"]
[Result "0-1"]
[WhiteCountry "ENG"]
[BlackCountry "ENG"]
[WhiteElo "1603"]
[WhiteRD "74"]
[BlackElo "1492"]
[BlackRD "50"]
[GameID "403899"]

1. e4 e5 2. f4 exf4 3. Nf3 Bc5 4. d4 Bb6 5. Bxf4 h6 6. Bc4 Qf6 7. Be5 Qg6 8. Qe2 d6 9. Nh4 Qg4 10. Qxg4 Bxg4
11. Bf4 g5 12. Be3 gxh4 13. O-O Be6 14. Bd3 Bd7 15. Nc3 h3 16. g3 Nc6 17. Nd5 Be6 18. Nf6+ Nxf6 19. Rxf6 Bxd4
0-1

[Event "All Kings gambiteers under 2000 welcome"]
[Site "SchemingMind.com"]
[Date "2016.09.17"]
[Round "-"]
[White "ray winteringham"]
[Black "APB"]
[Result "0-1"]
[WhiteCountry "ENG"]
[BlackCountry "ENG"]
[WhiteElo "1492"]
[WhiteRD "50"]
[BlackElo "1603"]
[BlackRD "74"]
[GameID "403900"]

1. e4 e5 2. f4 d5 3. Be2 dxe4 4. d3 exf4 5. Bxf4 Bd6 6. Nc3 Bxf4 7. Nxe4 Nf6 8. Nf3 O-O 9. O-O Be3+ 10. Nf2 Nc6
11. c3 Qd6 12. h3 b6 13. Qe1 Re8 14. Kh1 Ne5 15. Nxe5 Qxe5
0-1

[Event "All Kings gambiteers under 2000 welcome"]
[Site "SchemingMind.com"]
[Date "2016.09.21"]
[Round "-"]
[White "APB"]
[Black "Black Knight"]
[Result "0-1"]
[WhiteCountry "ENG"]
[BlackCountry "USA"]
[WhiteElo "1603"]
[WhiteRD "74"]
[BlackElo "1444"]
[BlackRD "56"]
[GameID "403972"]

1. e4 e5 2. f4 Nc6 3. Nf3 d6 4. f5 f6 5. Bc4 Bd7 6. d4 Qe7 7. Bd2 Nxd4 8. Nxd4 exd4 9. Bb4 Qxe4+ 10. Be2 O-O-O
11. Nd2 Qxg2
0-1

[Event "All Kings gambiteers under 2000 welcome"]
[Site "SchemingMind.com"]
[Date "2016.09.21"]
[Round "-"]
[White "Black Knight"]
[Black "APB"]
[Result "1-0"]
[WhiteCountry "USA"]
[BlackCountry "ENG"]
[WhiteElo "1444"]
[WhiteRD "56"]
[BlackElo "1603"]
[BlackRD "74"]
[GameID "403973"]

1. e4 e5 2. f4 d5 3. exd5 e4 4. Nc3 Nf6 5. d3 Bb4 6. Bd2 exd3 7. Bxd3 O-O 8. Nf3 Re8+ 9. Be2 Bxc3 10. Bxc3 Nxd5
11. O-O Qe7 12. Re1 Ne3 13. Qd2 Bf5 14. Bb5 c6 15. Bd3 Qd7 16. Rxe3
1-0

[Event "All Kings gambiteers under 2000 welcome"]
[Site "SchemingMind.com"]
[Date "2016.09.20"]
[Round "-"]
[White "Black Knight"]
[Black "emvarela"]
[Result "0-1"]
[WhiteCountry "USA"]
[BlackCountry "ARG"]
[WhiteElo "1407"]
[WhiteRD "54"]
[BlackElo "1719"]
[BlackRD "51"]
[GameID "403974"]

1. e4 e5 2. f4 d5 3. exd5 exf4 4. Nf3 Nf6 5. Nc3 Bg4 6. d3 Bd6 7. Qe2+ Qe7 8. Qxe7+ Kxe7 9. Bd2 Bxf3 10. gxf3 Re8
11. O-O-O Nbd7 12. Bh3 Ne5 13. Rhe1 Kf8 14. Bxf4 Nxf3 15. Bxd6+ cxd6 16. Re2 Rxe2 17. Ne4 Nxe4 18. dxe4 Rxh2 19. Bg4 Ne5 20. Bf5 g6
21. Bg4 Nxg4
0-1

[Event "All Kings gambiteers under 2000 welcome"]
[Site "SchemingMind.com"]
[Date "2016.09.20"]
[Round "-"]
[White "emvarela"]
[Black "Black Knight"]
[Result "1-0"]
[WhiteCountry "ARG"]
[BlackCountry "USA"]
[WhiteElo "1719"]
[WhiteRD "51"]
[BlackElo "1407"]
[BlackRD "54"]
[GameID "403975"]

1. e4 e5 2. f4 Nc6 3. Nc3 exf4 4. d4 Bb4 5. Qd3 Bxc3+ 6. Qxc3 d6 7. Bxf4 Bd7 8. Nf3 Nf6 9. Bd3 O-O 10. O-O-O Re8
11. Rde1 a6 12. h3 b5 13. d5 Ne7 14. Bg5 Ng6 15. Bxf6 Qxf6 16. Qxf6 gxf6 17. Re3 Nf4 18. g4 Ng2 19. Re2 Nf4 20. Rd2 c6
21. g5 Bxh3 22. gxf6 Kh8 23. Ng5 Nxd3+ 24. cxd3 Bd7 25. Rxh7+ Kg8 26. Rg7+
1-0

[Event "All Kings gambiteers under 2000 welcome"]
[Site "SchemingMind.com"]
[Date "2016.09.20"]
[Round "-"]
[White "Black Knight"]
[Black "kenneth m day"]
[Result "0-1"]
[WhiteCountry "USA"]
[BlackCountry "USA"]
[WhiteElo "1444"]
[WhiteRD "56"]
[BlackElo "1724"]
[BlackRD "56"]
[GameID "403976"]

1. e4 e5 2. f4 exf4 3. Nf3 d6 4. d4 g5 5. Bd3 Nc6 6. O-O Bg4 7. Nbd2 Nf6 8. Re1 Qd7 9. a3 O-O-O 10. h3 Bh5
11. d5 Ne5 12. b4 Nxd3 13. Rf1 Ne5 14. g4 Nfxg4 15. hxg4 Qxg4+ 16. Kf2 Qg3+ 17. Ke2 Nxf3 18. Nxf3 Qg2+ 19. Kd3 Bg7 20. Rg1 Qxf3+
21. Qxf3 Bxf3 22. Rxg5 Bxa1 23. Rf5 Be5 24. Bxf4 Bxf4 25. Rxf4 Bh5 26. c4 Rde8 27. c5 Bg6 28. Kd4 h5
0-1

[Event "All Kings gambiteers under 2000 welcome"]
[Site "SchemingMind.com"]
[Date "2016.09.20"]
[Round "-"]
[White "kenneth m day"]
[Black "Black Knight"]
[Result "1-0"]
[WhiteCountry "USA"]
[BlackCountry "USA"]
[WhiteElo "1705"]
[WhiteRD "56"]
[BlackElo "1407"]
[BlackRD "54"]
[GameID "403977"]

1. e4 e5 2. f4 Nc6 3. Nf3 exf4 4. Nc3 Be7 5. d4 Bb4 6. Bxf4 d6 7. Qd2 Nf6 8. Bd3 O-O 9. O-O-O Bg4 10. h3 Bxf3
11. gxf3 Nxd4 12. Rdf1 Ne6 13. Be3 c5 14. f4 Nd4 15. Qe1 Qa5 16. Bd2 Bxc3 17. Bxc3 Qxa2 18. Kd2 Qe6 19. Bxd4 cxd4 20. Qf2 Qxe4
21. Re1 Qd5 22. b3 Qa5+ 23. Ke2 Rae8+ 24. Kf3 Qd5+ 25. Kg3 Re3+ 26. Rxe3 dxe3 27. Qxe3 Re8 28. Qc1 Nh5+ 29. Kg4 Nf6+ 30. Kg3 Ne4+
31. Kh2 Nf2 32. Rf1 Nxd3 33. cxd3 Qxd3 34. Re1 Rxe1 35. Qc8+
1-0

[Event "All Kings gambiteers under 2000 welcome"]
[Site "SchemingMind.com"]
[Date "2016.09.20"]
[Round "-"]
[White "Black Knight"]
[Black "ray winteringham"]
[Result "0-1"]
[WhiteCountry "USA"]
[BlackCountry "ENG"]
[WhiteElo "1434"]
[WhiteRD "60"]
[BlackElo "1507"]
[BlackRD "49"]
[GameID "403978"]

1. e4 e5 2. f4 exf4 3. d4 d5 4. e5 Qh4+ 5. g3 fxg3 6. Nf3 Qe4+ 7. Qe2 Qxe2+ 8. Bxe2 gxh2 9. Nc3 Be6 10. Be3 Bb4
11. O-O-O Bxc3 12. bxc3 Ne7 13. Rxh2 Nbc6 14. Bb5 O-O-O 15. Bg5 Rdf8 16. Bxe7 Nxe7 17. Ng5 c6 18. Bd3 g6 19. Rxh7 Kd7 20. Rxh8 Rxh8
21. Nxe6 Kxe6 22. Rf1 b6 23. c4 Rh2 24. cxd5+ Nxd5 25. c4 Nb4 26. Bb1 Nxa2+ 27. Bxa2 Rxa2 28. Kb1 Rd2 29. Rf6+ Ke7 30. Rxc6 Rxd4
31. Rc7+ Ke6 32. Rxa7 Rxc4 33. Ka2 b5 34. Kb3 Rc5 35. Kb4 Rxe5 36. Ra6+ Kf5 37. Ra5 f6 38. Kc3 b4+ 39. Kxb4 Rxa5
0-1

[Event "All Kings gambiteers under 2000 welcome"]
[Site "SchemingMind.com"]
[Date "2016.09.20"]
[Round "-"]
[White "ray winteringham"]
[Black "Black Knight"]
[Result "1-0"]
[WhiteCountry "ENG"]
[BlackCountry "USA"]
[WhiteElo "1507"]
[WhiteRD "49"]
[BlackElo "1434"]
[BlackRD "60"]
[GameID "403979"]

1. e4 e5 2. f4 Nc6 3. f5 Nf6 4. d3 d5 5. Be2 dxe4 6. dxe4 Qxd1+ 7. Bxd1 Nxe4 8. g4 Bc5 9. Bf3 Nd6 10. Nc3 O-O
11. Bxc6 bxc6 12. Bd2 Bb7 13. O-O-O Bb4 14. a3 Bxc3 15. Bxc3 Ba6 16. Bxe5 c5 17. Bxd6 Rfd8 18. Bxc7 Rxd1+ 19. Kxd1 Bb7 20. Ne2 Bxh1
21. Kd2 Rd8+ 22. Bxd8 Kf8 23. f6 g6 24. Be7+ Ke8 25. Nc3 Kd7 26. g5 c4 27. Na4 Kc7 28. b4 Bc6 29. Nc5 Kb6 30. c3 Kb5
31. h4 Bf3 32. Ke3 Bd1 33. Kd4 a6 34. Ne4 Bb3 35. Nd6+ Kc6 36. Nxf7
1-0

[Event "All Kings gambiteers under 2000 welcome"]
[Site "SchemingMind.com"]
[Date "2016.09.21"]
[Round "-"]
[White "APB"]
[Black "Wojtek26"]
[Result "1-0"]
[WhiteCountry "ENG"]
[BlackCountry "POL"]
[WhiteElo "1577"]
[WhiteRD "73"]
[BlackElo "1529"]
[BlackRD "46"]
[GameID "404008"]

1. e4 e5 2. f4 exf4 3. Nf3 g5 4. h4 g4 5. Ne5 h5 6. Bc4 Nh6 7. d4 d6 8. Nd3 Nc6 9. d5 Ne5 10. Bb3 Nxd3+
11. Qxd3 Qf6 12. c3 Bd7 13. Na3 a6 14. Bd2 O-O-O 15. O-O-O c6 16. Rdf1 f3 17. gxf3 gxf3 18. Rxf3 Qg7 19. Rg3 Qf6 20. Rf1 Qe7
21. Bg5 Qe5 22. Nc4 Qe8 23. Bxd8 Qxd8 24. Qd4 Be7 25. Qa7 Bxh4 26. Rgg1 Qc7 27. Nb6+ Kd8 28. Qa8+ Bc8 29. Nxc8 Qxc8 30. Qxc8+ Kxc8
31. dxc6 bxc6 32. Bxf7 Nxf7 33. Rxf7 Bf2 34. Rxf2
1-0

[Event "All Kings gambiteers under 2000 welcome"]
[Site "SchemingMind.com"]
[Date "2016.09.23"]
[Round "-"]
[White "Wojtek26"]
[Black "APB"]
[Result "1-0"]
[WhiteCountry "POL"]
[BlackCountry "ENG"]
[WhiteElo "1529"]
[WhiteRD "46"]
[BlackElo "1577"]
[BlackRD "73"]
[GameID "404009"]

1. e4 e5 2. f4 Bc5 3. Nf3 d6 4. Bc4 Nf6 5. d3 Ng4 6. Rf1 Nc6 7. h3 Ne3 8. Bxe3 Bxe3 9. Ng5 O-O 10. Nxf7 Rxf7
11. Bxf7+ Kxf7 12. fxe5+ Kg8 13. Qh5 g6 14. Qf3 Nd4 15. Qf7+ Kh8 16. Qf6+ Qxf6 17. exf6 Be6 18. Na3 Bf7 19. c3 Ne6 20. Ke2 Bg5
21. d4 Nf4+ 22. Kf3 h5 23. h4
1-0

[Event "All Kings gambiteers under 2000 welcome"]
[Site "SchemingMind.com"]
[Date "2016.09.20"]
[Round "-"]
[White "Black Knight"]
[Black "Wojtek26"]
[Result "1-0"]
[WhiteCountry "USA"]
[BlackCountry "POL"]
[WhiteElo "1434"]
[WhiteRD "60"]
[BlackElo "1469"]
[BlackRD "44"]
[GameID "404010"]

1. e4 e5 2. f4 exf4 3. Nf3 g5 4. d4 d5 5. Nbd2 dxe4 6. Nxe4 Bf5 7. Qd3 Nc6 8. c3 Qe7 9. Nd2 Nf6 10. g4 Bxe4
11. Nxe4 Nxe4 12. Be2 Rd8 13. h4 Ng3 14. Rh2
1-0

[Event "All Kings gambiteers under 2000 welcome"]
[Site "SchemingMind.com"]
[Date "2016.09.23"]
[Round "-"]
[White "Wojtek26"]
[Black "Black Knight"]
[Result "0-1"]
[WhiteCountry "POL"]
[BlackCountry "USA"]
[WhiteElo "1469"]
[WhiteRD "44"]
[BlackElo "1434"]
[BlackRD "60"]
[GameID "404011"]

1. e4 e5 2. f4 Nc6 3. Nf3 d6 4. d4 Bg4 5. fxe5 Bxf3 6. Qxf3 Nxd4 7. Qf2 dxe5 8. Bc4 Nf6 9. Bg5 Be7 10. c3 Nc6
11. Bxf6 Bxf6 12. O-O O-O 13. Nd2 a6
0-1

[Event "All Kings gambiteers under 2000 welcome"]
[Site "SchemingMind.com"]
[Date "2016.09.21"]
[Round "-"]
[White "ray winteringham"]
[Black "Wojtek26"]
[Result "1-0"]
[WhiteCountry "ENG"]
[BlackCountry "POL"]
[WhiteElo "1507"]
[WhiteRD "49"]
[BlackElo "1469"]
[BlackRD "44"]
[GameID "404016"]

1. e4 e5 2. f4 exf4 3. Nf3 g5 4. h4 g4 5. Ne5 d6 6. Nxg4 Bxg4 7. Qxg4 Nf6 8. Qf3 Qe7 9. d3 Qe5 10. Nc3 Nc6
11. Bxf4 Qb5 12. Nxb5
1-0

[Event "All Kings gambiteers under 2000 welcome"]
[Site "SchemingMind.com"]
[Date "2016.09.20"]
[Round "-"]
[White "Wojtek26"]
[Black "ray winteringham"]
[Result "0-1"]
[WhiteCountry "POL"]
[BlackCountry "ENG"]
[WhiteElo "1469"]
[WhiteRD "44"]
[BlackElo "1507"]
[BlackRD "49"]
[GameID "404017"]

1. e4 e5 2. f4 exf4 3. Nf3 Bc5 4. d4 Bb6 5. Bxf4 d6 6. a4 Ne7 7. a5 Bxa5+ 8. Rxa5 c6 9. Ra1 Bg4 10. Be2 O-O
11. O-O h6 12. h3 Bd7 13. Bxd6 Re8 14. Ne5 f6 15. Bxe7 Rxe7 16. Ng6 Rxe4
0-1